Enhancing the competitiveness of Kenya's manufacturing sector : (Record no. 13919)
[ view plain ]
| 000 -LEADER | |
|---|---|
| fixed length control field | 00676nam a22002052 4500 |
| 001 - CONTROL NUMBER | |
| control field | 0000024289 |
| 005 - DATE AND TIME OF LATEST TRANSACTION | |
| control field | 20151217155915.0 |
| 008 - FIXED-LENGTH DATA ELEMENTS--GENERAL INFORMATION | |
| fixed length control field | 130625s xx 000 0 eng d |
| 040 ## - CATALOGING SOURCE | |
| Original cataloging agency | KABU |
| Transcribing agency | KABU |
| 245 10 - TITLE STATEMENT | |
| Title | Enhancing the competitiveness of Kenya's manufacturing sector : |
| Remainder of title | the role of the investment climate. |
| 250 ## - EDITION STATEMENT | |
| Edition statement | 1st ed. |
| 260 ## - PUBLICATION, DISTRIBUTION, ETC. (IMPRINT) | |
| Place of publication, distribution, etc. | Nairobi : |
| Name of publisher, distributor, etc. | KIPPRA, |
| Date of publication, distribution, etc. | 2004. |
| 300 ## - PHYSICAL DESCRIPTION | |
| Extent | xiii, 91 p. |
| 650 #0 - SUBJECT ADDED ENTRY--TOPICAL TERM | |
| Topical term or geographic name as entry element | Investments, Foreign |
| Geographic subdivision | Kenya. |
| -- | 0000160743 |
| 650 #0 - SUBJECT ADDED ENTRY--TOPICAL TERM | |
| Topical term or geographic name as entry element | Industrial policy |
| Geographic subdivision | Kenya. |
| -- | 0000150203 |
| 651 #0 - SUBJECT ADDED ENTRY--GEOGRAPHIC NAME | |
| Geographic name | Kenya |
| General subdivision | Economic conditions. |
| -- | 0000148722 |
| 908 ## - PUT COMMAND PARAMETER (RLIN) | |
| Put command parameter | 130625 |
| 950 ## - LOCAL HOLDINGS (RLIN) | |
| -- | 1 |
| Withdrawn status | Lost status | Source of classification or shelving scheme | Not for loan | Home library | Current library | Date acquired | Total Checkouts | Full call number | Barcode | Date last seen | Price effective from | Koha item type |
|---|---|---|---|---|---|---|---|---|---|---|---|---|
| Library of Congress Classification | Kabarak, Main Campus | Kabarak, Main Campus | 17/12/2015 | HG5843 .A3E54 2004 c. 1 | 015749 | 17/12/2015 | 17/12/2015 | Africana Collection |